书目信息 |
| 题名: |
政治经济学教学大纲
|
|
| 作者: | 本社编 | |
| 分册: | ||
| 出版信息: | 北京 人民教育出版社 1982 |
|
| 页数: | 62页 | |
| 开本: | 20cm | |
| 丛书名: | ||
| 单 册: | ||
| 中图分类: | G718.3 | |
| 科图分类: | ||
| 主题词: | 教育--类型 | |
| 电子资源: | ||
| ISBN: | ||
| 000 | 00563nam0 2200205 450 | |
| 001 | 0661639639 | |
| 005 | 20060815170844.37 | |
| 010 | @dCNY0.17 | |
| 100 | @a20060815d1982 km y0chiy0120 ea | |
| 101 | 0 | @achi |
| 102 | @aCN@b110000 | |
| 200 | 1 | @a政治经济学教学大纲@Azheng zhi jing ji xue jiao xue da gang@f本社编@Fben she bian |
| 210 | @a北京@c人民教育出版社@d1982 | |
| 215 | @a62页@c表格@d20cm | |
| 300 | @a中等专业学校 | |
| 300 | @a非财经类各科专业通用 | |
| 606 | 0 | @a教育@x类型 |
| 690 | @aG718.3@v3 | |
| 801 | 0 | @aCN@bPFT@c20060815 |
| 905 | @a10447@dG718.3@e14 | |
| 政治经济学教学大纲/本社编.-北京:人民教育出版社,1982 |
| 62页:表格;20cm |
| 中等专业学校.-非财经类各科专业通用 |
| ISBN :CNY0.17 |
| ● |
| 相关链接 |
|
|
|
|
正题名:政治经济学教学大纲
索取号:G718.3/14
 
预约/预借
| 序号 | 登录号 | 条形码 | 馆藏地/架位号 | 状态 | 备注 |
| 1 | 0460445 | 204604455 | 密集书库/ [索取号:G718.3/14] | 在馆 | |
| 2 | 0460446 | 204604464 | 密集书库/ [索取号:G718.3/14] | 在馆 | |
| 3 | 0460447 | 204604473 | 密集书库/ [索取号:G718.3/14] | 在馆 |